|
|
|
|
| LEADER |
00000nam0a2200000 4500 |
| 001 |
281047 |
| 005 |
20231101235350.0 |
| 035 |
|
|
|a (RuTPU)RU\TPU\book\304649
|
| 090 |
|
|
|a 281047
|
| 100 |
|
|
|a 20150116d1986 km y0rusy50 ca
|
| 101 |
0 |
|
|a rus
|
| 102 |
|
|
|a UA
|
| 105 |
|
|
|a a z 001zy
|
| 200 |
1 |
|
|a Крепление и охрана выработок в сложных горногеологических условиях
|f К. В. Кошелев [и др.]
|
| 210 |
|
|
|a Киев
|c Технiка
|d 1986
|
| 215 |
|
|
|a 111 с.
|c ил.
|
| 320 |
|
|
|a Библиогр.: с.110
|
| 606 |
1 |
|
|a Рудничное крепление
|x Устойчивость
|2 stltpush
|3 (RuTPU)RU\TPU\subj\25552
|9 49680
|
| 610 |
1 |
|
|a Донецкий угольный бассейн
|
| 610 |
1 |
|
|a горногеологические условия
|
| 610 |
1 |
|
|a техническая характеристика
|
| 610 |
1 |
|
|a выработки
|
| 610 |
1 |
|
|a сооружение
|
| 610 |
1 |
|
|a поддержание
|
| 610 |
1 |
|
|a охрана
|
| 610 |
1 |
|
|a крепи
|
| 610 |
1 |
|
|a сложные горно-геологические условия
|
| 675 |
|
|
|a 622.281
|v 4
|
| 701 |
|
1 |
|a Кошелев
|b К. В.
|g Константин Васильевич
|
| 701 |
|
1 |
|a Томасов
|b А. Г.
|g Анатолий Георгиевич
|
| 701 |
|
1 |
|a Самойлов
|b В. Л.
|g Вячеслав Лаврентьевич
|
| 701 |
|
1 |
|a Бурма
|b И. И.
|g Иван Иванович
|
| 801 |
|
1 |
|a RU
|b 63413507
|c 20150116
|
| 801 |
|
2 |
|a RU
|b 63413507
|c 20170317
|g RCR
|
| 942 |
|
|
|c BK
|